000 00971nam a2200241 4500
001 135956
003 ES-MaACL
005 20231230063000.0
007 t|
008 070214s1985 sp r ||||1| spa d
100 1 _aRuiz-Giménez, Joaquín,
_d1913-2009
_9100820
245 1 3 _aEl camino hacia la democracia
_b: escritos en Cuadernos para el diálogo (1963-1976) /
_cJoaquín Ruiz-Giménez ; edición y estudios, Instituto Fe y Secularidad.
260 _aMadrid :
_bCentro de Estudios Constitucionales,
_c1985.
300 _a2 v. ;
_c21 cm.
490 1 _aPensamiento español contemporáneo ;
_v6
600 1 4 _aRuiz-Giménez, Joaquín,
_d1913-2009
_9100820
651 4 _aEspaña-
_xHistoria-
_y1955-1975.
_98337
710 2 _aInstituto Fe y Secularidad.
_95054
710 2 _aCentro de Estudios Constitucionales (España)
_92618
830 1 _aPensamiento español contemporáneo ;
_v6
_9187027
852 _aES-MaACL
_jL-10091-92
999 _c135956
_d135956